000 00764nam a2200277Ia 4500
001 12774
005 20240113235412.0
007 ta
008 051024s a g b000 u 465 u
040 _aCotton College Assam
041 _a465
082 _a379.489
_bB 637 Ed
100 _aBoje, Andreas.
245 0 _aEducation in Denmark /
_cAndreas Boje, Ernst J. Borup & Holger Rutzebeck.
_hTextual Documents
250 _a1st ed. /
260 _aOxford :
_bOxford Universsity Press ,
_cNd.
300 _a288p. :
_bill ;
_c18cm .
653 _aEducation
653 _aEducation-Denmark
653 _aG-Education
700 _aBorup , Ernst J. .
700 _aRutzebeck, Holger.
942 _2ddc
_cBK
999 _c12760
_d12760